| 000 | 00398nam a22001457a 4500 | ||
|---|---|---|---|
| 003 | MACL | ||
| 005 | 20190927151329.0 | ||
| 008 | 190927b xxu||||| |||| 00| 0 eng d | ||
| 040 | _cMACL | ||
| 100 |
_aPushkatna,Avinash _976821 |
||
| 245 | _aMy Red Butterfly :A Passionate Journey of Live , Emotions & Compasion | ||
| 260 |
_aDelhi _bNiyogi Books _c2017 |
||
| 650 |
_aStory _976822 |
||
| 942 |
_2ddc _cBK |
||
| 999 |
_c61116 _d61116 |
||